00521 2200193 4500001002100000005001500021008004100036020002200077035001900099041000700118082001100125090001700136100002600153245008000179260001500259300003300274500000600307650001400313INLIS00000000000494720241224113016241224||||||||| | ||| |||| || |  a978-979-29-1650-8 0010-1224004947 aen0 a639.31 a639.31 MGH b0 aM. Ghufran H. Kordi K00aBuku Pintar Pemeliharaan 14 Ikan Air Tawar Ekonomis Di Keramba Jaring Apung bandic2010 axxvi, 324 hlm.; ilus.: 21 cm a1 0aPerikanan